000 00416nam a22001697a 4500
005 20180615103711.0
008 160524b xxu||||| |||| 00| 0 eng d
020 _a978-81-8478-101-4
041 _aeng
082 _b4660
_a657.42
100 _aKishore, Ravi M.
_91159
245 _aCost Accounting
260 _aNew Delhi
_bAcademic Faundation
_c2008
300 _a18.18
650 _aManagement
_9241
942 _cBK
999 _c1575
_d1574